| 000 | 00753cam a2200205 4500 | ||
|---|---|---|---|
| 001 | ##M95436 | ||
| 008 | 090401t1998 xxu||||| |||| 00| 0 eng d | ||
| 035 | _a(Sirsi) u90095 | ||
| 041 | 0 | _aeng | |
| 050 | 0 | 4 | _a347.4107 $2 18 |
| 110 | 2 |
_aRoyal Institution of Chartered Surveyors _94900 |
|
| 245 | 0 | 0 |
_aComplaints handling _bguidance for chartered surveying firms |
| 260 |
_aLondon _bRICS _c1998 |
||
| 300 |
_a6p. _c30cm. |
||
| 350 | _a0 | ||
| 651 | 2 | 4 |
_aUnited Kingdom _y |
| 690 | _aABOUT RICS-RICS PROFESSIONAL REGULATION AND CONSUMER PROTECTION-RICS RULES OF CONDUCT-RICS RULES OF CONDUCT PART III (CONDUCT OF PROFESSIONAL ACTIVITIES AND BUSINESS)-RICS RULES OF CONDUCT RULE 11 (COMPLAINTS HANDLING PROCEDURE) | ||
| 942 | _n0 | ||
| 948 | _c02/12/1998 | ||
| 999 |
_c97530 _d97530 |
||